Tribhuvan University Central Library

The principles of heredity (Record no. 78287)

MARC details
000 -LEADER
fixed length control field 00509nam a22001937a 4500
008 - FIXED-LENGTH DATA ELEMENTS--GENERAL INFORMATION
fixed length control field 160524b xxu||||| |||| 00| 0 eng d
082 ## - DEWEY DECIMAL CLASSIFICATION NUMBER
Classification number 575.1/sn92p
100 ## - MAIN ENTRY--PERSONAL NAME
Personal name Snyder, Laurence H
245 ## - TITLE STATEMENT
Title The principles of heredity
250 ## - EDITION STATEMENT
Edition statement 5th ed.
260 ## - PUBLICATION, DISTRIBUTION, ETC.
Place of publication, distribution, etc. Boston
Name of publisher, distributor, etc. D.C Health and company
Date of publication, distribution, etc. 1966
300 ## - PHYSICAL DESCRIPTION
Extent xi, 499p.illus
504 ## - BIBLIOGRAPHY, ETC. NOTE
Bibliography, etc. note Includes bibliography
650 ## - SUBJECT ADDED ENTRY--TOPICAL TERM
Topical term or geographic name entry element genes
9 (RLIN) 8310
650 ## - SUBJECT ADDED ENTRY--TOPICAL TERM
Topical term or geographic name entry element heredity
9 (RLIN) 8894
650 ## - SUBJECT ADDED ENTRY--TOPICAL TERM
Topical term or geographic name entry element inheritance
9 (RLIN) 15819
700 ## - ADDED ENTRY--PERSONAL NAME
Personal name David, Paul R
942 ## - ADDED ENTRY ELEMENTS (KOHA)
Source of classification or shelving scheme Dewey Decimal Classification
Koha item type General Collections
Holdings
Withdrawn status Lost status Source of classification or shelving scheme Damaged status Not for loan Home library Current library Date acquired Total Checkouts Full call number Barcode Date last seen Date last checked out Price effective from Koha item type
    Dewey Decimal Classification     Tribhuvan University Central Library Tribhuvan University Central Library 05/24/2016 1 575.1/sn92p 47102 06/14/2016 05/24/2016 05/24/2016 General Collections
    Dewey Decimal Classification     Tribhuvan University Central Library Tribhuvan University Central Library 06/06/2017 1 575.1/sn92p 35087 06/18/2017 06/06/2017 06/06/2017 General Collections